Základné princípy vedenia účtovníctva

Objasnenie základných pojmov týkajúcich sa právnej úpravy účtovníctva a jeho dokumentačnej funkcie. Právna úprava účtovníctva. Organizácia účtovníctva v účtovnej jednotke. Aktíva a pasíva. Druhy súvah. Zmena stavu jednotlivých zložiek majetku a jeho zdrojov. Podvojnosť účtovných zápisov. Účtovanie n...

Description complète

Enregistré dans:
Détails bibliographiques
Auteur principal: Štroffek, Alojz
Format: Chapitre de livre
Langue:slovaque
Sujets:
Tags: Ajouter un tag
Pas de tags, Soyez le premier à ajouter un tag!

MARC

LEADER 00000naa a2200000 4500
001 r043760
005 20231002123041.3
041 0 |a slo 
044 |a SK 
245 1 0 |a Základné princípy vedenia účtovníctva  |c Alojz Štroffek 
520 |a Objasnenie základných pojmov týkajúcich sa právnej úpravy účtovníctva a jeho dokumentačnej funkcie. Právna úprava účtovníctva. Organizácia účtovníctva v účtovnej jednotke. Aktíva a pasíva. Druhy súvah. Zmena stavu jednotlivých zložiek majetku a jeho zdrojov. Podvojnosť účtovných zápisov. Účtovanie na súvahových účtoch. Uzavieranie účtov. Účtovné doklady. 
610 2 0 |a účtovníctvo 
610 2 0 |a účtovanie 
610 2 0 |a úpravy právne 
610 2 0 |a vedenie účtovníctva 
610 2 0 |a súvaha 
610 2 0 |a účtovníctvo podvojné 
610 2 0 |a aktíva 
610 2 0 |a pasíva 
100 1 |a Štroffek, Alojz